Statistics for Capitals of Countries that Start with G

Click here to take the quiz!

General Stats

  • This quiz has been taken 22 times
  • The average score is 7 of 11

Answer Stats

CountryCapital% Correct
GreeceAthens
100%
GermanyBerlin
100%
GuatemalaGuatemala City
90%
GeorgiaTbilisi
76%
GhanaAccra
71%
GrenadaSaint George's
67%
Guinea-BissauBissau
57%
GuyanaGeorgetown
57%
GambiaBanjul
38%
GuineaConakry
33%
GabonLibreville
33%

Score Distribution

Percentile by Number Answered

Percent of People with Each Score

Your Score History

You have not taken this quiz